000 00398nam a2200157Ia 4500
008 230524s9999 xx 000 0 und d
082 _a537
_bPUR
100 _aEdward M.Purcell
245 0 _aElectricity And Magnetism Vol-2 -Berkeley Physics Course
250 _a2ND
260 _aNEW DELHI
_bTMH
_c2008
300 _aIX;477
500 _aQuantity Number: 5
650 _aPhysics
942 _cBK
999 _c40090
_d40090